Vở bài tập khoa học 4

Các bài tập trong Vở bài tập khoa học lớp 4 nhằm giúp học sinh thực hiện các hoạt động học tập độc lập và đa dạng, rèn luyện cho học sinh các kĩ năng học tập, thực hành, củng cố và khắc sâu kiến thức....

Descrición completa

Gardado en:
Detalles Bibliográficos
Autor Principal: Bùi, Phương Nga
Formato: Libro
Idioma:Undetermined
Publicado: Hà Nội Giáo dục Việt Nam 2020
Những chủ đề:
Các nhãn: Engadir etiqueta
Sen Etiquetas, Sexa o primeiro en etiquetar este rexistro!
Thư viện lưu trữ: Trung tâm Học liệu Trường Đại học Cần Thơ
LEADER 00986nam a2200217Ia 4500
001 CTU_238934
008 210402s9999 xx 000 0 und d
020 |c 8100 
082 |a 372.35076 
082 |b Ng100 
100 |a Bùi, Phương Nga 
245 0 |a Vở bài tập khoa học 4 
245 0 |c Bùi Phương Nga (Chủ biên), Lương Việt Thái 
260 |a Hà Nội 
260 |b Giáo dục Việt Nam 
260 |c 2020 
520 |a Các bài tập trong Vở bài tập khoa học lớp 4 nhằm giúp học sinh thực hiện các hoạt động học tập độc lập và đa dạng, rèn luyện cho học sinh các kĩ năng học tập, thực hành, củng cố và khắc sâu kiến thức. 
650 |a Science,Khoa học 
650 |x Study and teaching (Elementary),Dạy và học (Tiểu học) 
904 |i Hải 
980 |a Trung tâm Học liệu Trường Đại học Cần Thơ